000 01282nam a2200253Ia 4500
999 _c41509
_d41509
001 8176
003 GE_BSU
005 20221004151709.0
008 181216s1989ge xx |||||||||||||| ||geo||
040 _cGE_BSU
041 _ageo
080 _a821.353.1-141 დ-15
100 _aდავით IV აღმაშენებელი.
_915027
245 _aგალობანი სინანულისანი /
_cდავით IV აღმაშენებელი, შემდგ: თედო ბექიშვილი; რედ: ზურაბ კიკნაძე; მხატვ: რომან მახარაძე.
250 _aდავით აღმაშენებლის საზ-ბა.
264 _aთბილისი :
_bხელოვნება.
_c1989.
300 _a76 გვ .:
_b20 სმ.
_cილ;
653 _aგალობანი სინანულისანი.
653 _aგალობანი.
700 _aბექიშვილი, თედო
_eშემდგენელი
_94749
700 _aკიკნაძე, ზურაბ
_eრედაქტორი
_94114
700 _aმახარაძე, რომან
_eმხატვარი
_9703
942 _cBK
_2udc